Responses for show #2680 - Friday, April 5, 1996

David Sampugnaro game 5.

Contestants

[<< previous game]

Carol Reed, a law librarian from Honolulu, Hawaii

Rob Kalisch, an attorney from Hackensack, New Jersey

David Sampugnaro, a writer and consultant originally from Elmsford, New York (whose 4-day cash winnings total $56,901)

[next game >>]

Jeopardy! Round responses

ANCIENT AMERICANS
CRAFTS
QUOTATIONS
U.S. GEOGRAPHY
NAUTICAL TERMS
"NIGHT" MOVIES
    $100 21
Aztecs

David
    $100 26
Stained Glass

Rob
    $100 8
Home

David
    $100 1
(D: What is South Dakota?)

Montana

DavidRob
    $100 7
Anchor

David
    $100 3
"A Night At The Opera"

David
    $200 22
(C: What is a sundial?)

Calendar

DavidCarol
    $200 27
Stencil

David
    $200 9
"Fire!"

David
    $200 2
Louisiana

Carol
    $200 13
Rudder

David
    $200 16
"Saturday Night Fever"

David
    $300 23
Lilies

Carol
    $300 28
Goat

Rob
    $300 10
Paris

David
    $300 4
(D: What is the Delaware?)

Hudson River

DavidRob
    $300 14
(D: What is jigging?)

Rigging

DavidRob
    $300 17
"It Happened One Night"

Rob
    $400 24
(C: What is Chile?)

Peru

RobCarol
    $400 29
Throw

Carol
    $400 11
Knute Rockne

David
    $500 5
Lake Erie

Rob
    $400 15
Port

Carol
    $400 18
Night of the Living Dead

David
    $500 25
Obsidian

David
    $500 30
Lanyards

David
    $500 12
Friedrich Nietzsche

Rob
    $500 6
Colorado Springs

Rob
    $500 20
(D: What is drop?)

Trim

DavidCarol
    $500 19
"Day For Night"

Rob

Scores at the first commercial break (after clue 15):

David Rob Carol
$700 $2,200 $600

Scores at the end of the Jeopardy! Round:

David Rob Carol
$2,300 $3,800 $1,200

Double Jeopardy! Round responses

ROMAN EMPERORS
LITERARY TERMS
WINES & SPIRITS
ANIMALS
REPUBLICANS
"DAY" SONGS
    $200 21
Nero

Rob
    $200 24
Ditty

Rob
    $200 11
Dates

David
    $200 16
Prey

David
    $200 1
Robert Dole

David
    $200 6
"That'll Be The Day"

Rob
    $400 27
Jerusalem

Rob
    $400 23
7

David
    $400 12
Bourbon

David
    $400 17
Water

David
    $400 2
Newt Gingrich

David
    $400 7
"Happy Days Are Here Again"

Rob
    $600 22
(R: Who was Atlas?)

Hercules

RobCarol
    $600 25
Limerick

David
    $600 13
Rum

David
    $600 18
Turtles

Triple Stumper
    $600 3
Barry Goldwater

David
    $600 8
"Days of Wine And Roses"

Carol
    $800 28
Praetorian Guards

Rob
    $100 26
(D: Who is Hardy?)

William Shakespeare

David
    $800 14
Fume Blanc

Triple Stumper
    $800 19
Dance

Carol
    $3,000 4
John Anderson

David
    $800 9
"Our Day Will Come"

Rob
    $1000 29
Caracalla

Triple Stumper
    $1000 30
Reynard

Triple Stumper
    $1000 15
(R: What is Bols?)

Curacao

Rob
Triple Stumper
    $1000 20
Echidna

David
    $1000 5
(Alex: And Rob, you are from New Jersey?)
(Rob: Yes, I am.)
(Alex: Good deal!)

Christie Todd Whitman

Rob
    $1000 10
"What A Diff'rence A Day Makes"

Rob

Scores at the end of the Double Jeopardy! Round:

David Rob Carol
$10,200 $7,200 $3,200

[wagering suggestions for these scores]

Final Jeopardy! Round responses

FOREIGN WARS
CarolWhat was the Crimean War
$3,000
RobWhat the Crimean War
$7,200
DavidWhat was the Crimean war?
$5,000
The Crimean War

Final scores:

David Rob Carol
$15,200 $14,400 $6,200
5-day champion: $72,101 2nd place: Perry Ellis Mens' Clothing & Wittenauer Watch 3rd place: RCA Laserdisc & CD Player

Game dynamics:

Coryat scores:

David Rob Carol
$8,100 $7,100 $3,200
26 R
(including 1 DD),
5 W
(including 1 DD)
20 R
(including 1 DD),
2 W
8 R,
2 W

Combined Coryat: $18,400

The J! Archive is created by fans, for fans. The Jeopardy! game show and all elements thereof, including but not limited to copyright and trademark thereto, are the property of Jeopardy Productions, Inc. and are protected under law. This website is not affiliated with, sponsored by, or operated by Jeopardy Productions, Inc. Join the discussion at JBoard.tv.